Normal view
MARC view
- British
Entry Topical Term
001 - CONTROL NUMBER
- control field: 50386
003 - CONTROL NUMBER IDENTIFIER
- control field: NUST
005 - DATE AND TIME OF LATEST TRANSACTION
- control field: 20210314134622.0
008 - FIXED-LENGTH DATA ELEMENTS
- fixed length control field: 210314|| aca||aabn | a|a d
040 ## - CATALOGING SOURCE
- Original cataloging agency: NUST
- Transcribing agency: NUST
150 ## - HEADING--TOPICAL TERM
- Topical term or geographic name entry element: British
- Geographic subdivision: Africa
670 ## - SOURCE DATA FOUND
- Source citation: Work cat.: (NUST): Baden-Powell of Gilwell, Robert Stephenson Smyth Baden-Powell, 50066, The downfall of Prempeh;, 1896.
